00413nam a22001577a 450000500170000001000150001702000260003203500140005803700090007208200100008110000170009124500390010826000360014727000530018330000190023620241011155640.0 aENG-142120 a9789357943215c295.00 aEN-125652 bDBAD a289.9 aAllen, James aAs a man thinketh/cBy James Allen aNew DelhibV&S Publishersc2020 a F-2/16, Ansari Road, DaryaganjbN.Delhie110002 a53p.c21cm(pb)